| 000 | 00590nam a2200205 a 4500 | ||
|---|---|---|---|
| 005 | 20240919064403.0 | ||
| 008 | 991125s1999 mx 000 0 spa u | ||
| 020 | _a9682302161 | ||
| 035 | _aUPN01000035111 | ||
| 049 | _aCG | ||
| 050 | 4 |
_aHC26 _bR6.48 1999 |
|
| 100 | 1 |
_aRobinson, Joan Violet, _d1903-1983 _937976 |
|
| 245 | 1 | 0 |
_aLibertad y necesidad / _cJoan Robinson ; tr. Fracisco González Aramburu. |
| 250 | _a14a ed. | ||
| 260 |
_aMéxico : _bSiglo XXI, _c1999. |
||
| 300 | _a154 p. | ||
| 440 | 0 | _aEconomía y demografía | |
| 650 | 4 |
_aEconomía _xHistoria _916774 |
|
| 905 | _aLibro | ||
| 999 |
_c35111 _d35111 |
||